Visualizzazione normale
Vista MARC
- Deani
di Personal Name
Records bibliografici associati: 1
001 - CONTROL NUMBER
- control field: 10825
003 - CONTROL NUMBER IDENTIFIER
- control field: IT-RoPau
005 - DATE AND TIME OF LATEST TRANSACTION
- control field: 20140126215115.0
008 - FIXED-LENGTH DATA ELEMENTS
- fixed length control field: 140126|| aca||aabn | a|a d
040 ## - CATALOGING SOURCE
- Original cataloging agency: IT-RoPau
- Transcribing agency: IT-RoPau
100 ## - HEADING--PERSONAL NAME
- Personal name: Deani
- Dates associated with a name: Codice autore SPICS: 15660
- Relator term: Autore
- Name of part/section of a work: Vecio gondolier
670 ## - SOURCE DATA FOUND
- Source citation: Work cat.: (IT-RoPau)99798: AA.VV. 794, Venezia-Music parade